Sports Quiz

Random Sports Quiz

Euro 2004: Greece line-ups and subs Quiz Stats

 Plays Quiz not verified by Sporcle

Challenge
Share
Tweet
Embed
Score 0/81 Timer 05:00
0 Plays Today
Match Player % Correct
Group A, 2-1 v PortugalAntonios Nikopolidis
98.6%
Group A, 1-1 v SpainAntonios Nikopolidis
98.6%
Group A, 1-2 v RussiaAntonios Nikopolidis
98.6%
Quarter Final, 1-0 v FranceAntonios Nikopolidis
98.6%
Semi Final, 1-0 v Czech Republic (aet)Antonios Nikopolidis
98.6%
Final, 1-0 v PortugalAntonios Nikopolidis
98.6%
Group A, 2-1 v PortugalAngelos Charisteas
97.8%
Group A, 1-1 v SpainAngelos Charisteas
97.8%
Group A, 1-2 v RussiaAngelos Charisteas
97.8%
Quarter Final, 1-0 v FranceAngelos Charisteas
97.8%
Semi Final, 1-0 v Czech Republic (aet)Angelos Charisteas
97.8%
Final, 1-0 v PortugalAngelos Charisteas
97.8%
Group A, 2-1 v PortugalTraianos Dellas
97%
Group A, 1-1 v SpainTraianos Dellas
97%
Group A, 1-2 v RussiaTraianos Dellas
97%
Quarter Final, 1-0 v FranceTraianos Dellas
97%
Semi Final, 1-0 v Czech Republic (aet)Traianos Dellas
97%
Final, 1-0 v PortugalTraianos Dellas
97%
Group A, 2-1 v PortugalGiorgos Karagounis
95.3%
Group A, 1-1 v SpainGiorgos Karagounis
95.3%
Quarter Final, 1-0 v FranceGiorgos Karagounis
95.3%
Semi Final, 1-0 v Czech Republic (aet)Giorgos Karagounis
95.3%
Group A, 2-1 v PortugalTheodoros Zagorakis
95.1%
Group A, 1-1 v SpainTheodoros Zagorakis
95.1%
Group A, 1-2 v RussiaTheodoros Zagorakis
95.1%
Quarter Final, 1-0 v FranceTheodoros Zagorakis
95.1%
Semi Final, 1-0 v Czech Republic (aet)Theodoros Zagorakis
95.1%
Match Player % Correct
Final, 1-0 v PortugalTheodoros Zagorakis
95.1%
Group A, 2-1 v PortugalKostas Katsouranis
90.1%
Group A, 1-1 v SpainKostas Katsouranis
90.1%
Group A, 1-2 v RussiaKostas Katsouranis
90.1%
Quarter Final, 1-0 v FranceKostas Katsouranis
90.1%
Semi Final, 1-0 v Czech Republic (aet)Kostas Katsouranis
90.1%
Final, 1-0 v PortugalKostas Katsouranis
90.1%
Group A, 2-1 v PortugalAngelos Basinas
88.8%
Group A, 1-2 v RussiaAngelos Basinas
88.8%
Quarter Final, 1-0 v FranceAngelos Basinas
88.8%
Semi Final, 1-0 v Czech Republic (aet)Angelos Basinas
88.8%
Final, 1-0 v PortugalAngelos Basinas
88.8%
Group A, 2-1 v PortugalGiourkas Seitaridis
87.4%
Group A, 1-1 v SpainGiourkas Seitaridis
87.4%
Group A, 1-2 v RussiaGiourkas Seitaridis
87.4%
Quarter Final, 1-0 v FranceGiourkas Seitaridis
87.4%
Semi Final, 1-0 v Czech Republic (aet)Giourkas Seitaridis
87.4%
Final, 1-0 v PortugalGiourkas Seitaridis
87.4%
Group A, 2-1 v PortugalZisis Vryzas
83%
Group A, 1-1 v SpainZisis Vryzas
83%
Group A, 1-2 v RussiaZisis Vryzas
83%
Semi Final, 1-0 v Czech Republic (aet)Zisis Vryzas
83%
Final, 1-0 v PortugalZisis Vryzas
83%
Group A, 2-1 v PortugalStelios Giannakopoulos
81.4%
Group A, 1-1 v SpainStelios Giannakopoulos
81.4%
Semi Final, 1-0 v Czech Republic (aet)Stelios Giannakopoulos
81.4%
Final, 1-0 v PortugalStelios Giannakopoulos
81.4%
Match Player % Correct
Group A, 2-1 v PortugalTakis Fyssas
78.6%
Group A, 1-1 v SpainTakis Fyssas
78.6%
Group A, 1-2 v RussiaTakis Fyssas
78.6%
Quarter Final, 1-0 v FranceTakis Fyssas
78.6%
Semi Final, 1-0 v Czech Republic (aet)Takis Fyssas
78.6%
Final, 1-0 v PortugalTakis Fyssas
78.6%
Group A, 2-1 v PortugalMichalis Kapsis
73.4%
Group A, 1-1 v SpainMichalis Kapsis
73.4%
Group A, 1-2 v RussiaMichalis Kapsis
73.4%
Quarter Final, 1-0 v FranceMichalis Kapsis
73.4%
Semi Final, 1-0 v Czech Republic (aet)Michalis Kapsis
73.4%
Final, 1-0 v PortugalMichalis Kapsis
73.4%
Group A, 1-2 v RussiaDimitrios Papadopoulos
64.1%
Final, 1-0 v PortugalDimitrios Papadopoulos
64.1%
Group A, 2-1 v PortugalDemis Nikolaidis
60.3%
Group A, 1-1 v SpainDemis Nikolaidis
60.3%
Group A, 1-2 v RussiaDemis Nikolaidis
60.3%
Quarter Final, 1-0 v FranceDemis Nikolaidis
60.3%
Group A, 1-1 v SpainVasilios Tsiartas
58.9%
Group A, 1-2 v RussiaVasilios Tsiartas
58.9%
Quarter Final, 1-0 v FranceVasilios Tsiartas
58.9%
Semi Final, 1-0 v Czech Republic (aet)Vasilios Tsiartas
58.9%
Group A, 1-1 v SpainStelios Venetidis
52.6%
Group A, 1-2 v RussiaStelios Venetidis
52.6%
Final, 1-0 v PortugalStelios Venetidis
52.6%
Group A, 2-1 v PortugalVasilis Lakis
45.2%
Quarter Final, 1-0 v FranceVasilis Lakis
45.2%

You're not logged in!

Compare scores with friends on all Sporcle quizzes.
OR
Log In

You Might Also Like...

Show Comments

Extras

Top Quizzes Today


Score Distribution

Your Account Isn't Verified!

In order to create a playlist on Sporcle, you need to verify the email address you used during registration. Go to your Sporcle Settings to finish the process.

Report this User

Report this user for behavior that violates our Community Guidelines.

Details: